[Event "Ch Greece"]
[Site "masterchessopen.com - Athens (Greece)"]
[Round "0"]
[White "Skembris Spyridon (GRE)"]
[Black "Papaioannou Ioannis (GRE)"]
[Result "0-1"]
[WhiteElo "2470"]
[BlackElo "2480"]

1.d4 Nf6 2.c4 e6 3.Nf3 c5 4.d5 exd5 5.cxd5 d6 6.Nc3 g6 7.e4 Bg7 8.h3 O-O 9.Bd3
b5 10.a3 a6 11.O-O Nbd7 12.Bg5 Re8 13.Re1 Bb7 14.Qd2 Qb6 15.Nh2 Rac8 16.Bc2 a5
17.Nf3 b4 18.Na4 Qc7 19.Rac1 Ba6 20.Bf4 Bb5 21.axb4 axb4 22.Ra1 Ra8 23.e5 dxe5
24.Be3 Ra6 25.Rec1 e4 26.Ne1 Rea8 27.b3 Qd6 28.Rab1 c4 {#R} 0-1

[Event "It (open)"]
[Site "masterchessopen.com - Celle Ligure (Italy)"]
[Round "9"]
[White "Tabernig Bernhard (AUT)"]
[Black "Bonugli Carlo (ITA)"]
[Result "1-0"]
[WhiteElo "2310"]
[BlackElo "2038"]

1.d4 Nf6 2.c4 c5 3.d5 e6 4.Nc3 exd5 5.cxd5 d6 6.Nf3 g6 7.e4 Bg7 8.h3 O-O 9.Bd3
b5 10.Nxb5 Nxe4 11.Bxe4 Re8 12.Ng5 Qb6 13.Nc3 f5 14.O-O fxe4 15.Ngxe4 Nd7
16.Qa4 Be5 17.Re1 Rb8 18.Bg5 Qb4 19.Nxd6 Rf8 20.Nxc8 Bxc3 21.Qxd7 Bxe1 22.Qe6+
{#r} 1-0

[Event "Ch World Cities"]
[Site "masterchessopen.com - Jakarta (Indonesia)"]
[Round "1"]
[White "Elsness Frode (NOR)"]
[Black "Choong Gregory (SIN)"]
[Result "1-0"]
[WhiteElo "2350"]
[BlackElo "2168"]

1.d4 Nf6 2.c4 c5 3.d5 e6 4.Nc3 exd5 5.cxd5 d6 6.e4 g6 7.Nf3 Bg7 8.h3 O-O 9.Bd3
c4 10.Bxc4 Nxe4 11.Nxe4 Re8 12.Ng5 Bf5 13.Qf3 Qe7 14.O-O h6 15.Ng3 hxg5
16.Nxf5 gxf5 17.Bb5 Rc8 18.Qxf5 Rc5 19.Bd3 Qe5 20.Qh7+ Kf8 21.Be3 Ra5 22.Bd2
Rxd5 23.Bc3 Rd4 24.Rae1 Qc5 25.Bxd4 Bxd4 26.Rc1 {#r} 1-0

[Event "Ch Portugal"]
[Site "masterchessopen.com - Maceira (Portugal)"]
[Round "6"]
[White "Damaso Rui (POR)"]
[Black "Costa Paulo (POR)"]
[Result "1-0"]
[WhiteElo "2485"]
[BlackElo "2144"]

1.d4 Nf6 2.Nf3 e6 3.c4 c5 4.d5 exd5 5.cxd5 d6 6.Nc3 g6 7.e4 Bg7 8.h3 O-O 9.Bd3
b5 10.O-O b4 11.Na4 Ba6 12.Bf4 Ne8 13.a3 bxa3 14.Rxa3 Bxd3 15.Qxd3 Nd7 16.Rfa1
Rb8 17.R1a2 Nb6 18.Nc3 Nc8 19.e5 Rb4 20.Be3 c4 21.Qe2 Nc7 22.Nd4 Ne7 23.Bg5 f6
24.exf6 Bxf6 25.Ne6 Nxe6 26.Qxe6+ Kg7 27.Ne4 {#r} 1-0

[Event "It (open)"]
[Site "masterchessopen.com - New York (USA)"]
[Round "1"]
[White "Vescovi Giovanni (BRA)"]
[Black "Ratcu Tatiana (BRA)"]
[Result "1-0"]
[WhiteElo "2480"]
[BlackElo "2215"]

1.d4 Nf6 2.Nf3 g6 3.c4 c5 4.d5 e6 5.Nc3 exd5 6.cxd5 d6 7.e4 Bg7 8.h3 O-O 9.Bd3
Na6 10.O-O Re8 11.Re1 Nc7 12.a4 b6 13.Bf4 a6 14.Bh2 Rb8 15.e5 dxe5 16.Nxe5 Bb7
17.Nc6 Bxc6 18.dxc6 Rc8 19.Bc4 Rxe1+ 20.Qxe1 Qe8 21.Qxe8+ Ncxe8 22.Nd5 Kf8
23.Nxb6 Rxc6 24.a5 Nd6 25.Bxa6 Nfe4 26.Bd3 Bxb2 27.a6 Nc8 28.Nxc8 Rxc8 {#r}
1-0

[Event "It"]
[Site "masterchessopen.com - Cali (Colombia)"]
[Round "4"]
[White "Alvarino Cazon Jose Manuel (ESP)"]
[Black "Beltran Carlos (COL)"]
[Result "1-0"]
[WhiteElo "2137"]
[BlackElo "2270"]

1.d4 Nf6 2.c4 e6 3.Nf3 c5 4.d5 exd5 5.cxd5 d6 6.Nc3 g6 7.e4 Bg7 8.h3 O-O 9.Bd3
a6 10.a4 Nbd7 11.Bf4 Qe7 12.O-O Nh5 13.Bh2 Ne5 14.Be2 Nxf3+ 15.Bxf3 Nf6 16.Qb3
Nd7 17.Rae1 Bd4 18.Kh1 Ne5 19.Bd1 Nd3 20.Re2 Nc1 21.Qb6 Nxe2 22.Bxd6 Qd8
23.Bc7 Qh4 24.Nxe2 Bxf2 25.Ng1 Bxg1 26.Kxg1 Qxe4 27.Bf3 Qe3+ 28.Kh1 {#r} 1-0

[Event "Verbandsliga North 1997/98"]
[Site "masterchessopen.com - Germany"]
[Round "0"]
[White "Ikonnikov Vyacheslav (RUS)"]
[Black "Fronczek Heinrich (GER)"]
[Result "1-0"]
[WhiteElo "2555"]
[BlackElo "2285"]

1.d4 Nf6 2.Nf3 c5 3.d5 e6 4.c4 exd5 5.cxd5 d6 6.Nc3 g6 7.e4 Bg7 8.h3 O-O 9.Bd3
b5 10.Nxb5 Nxe4 11.Bxe4 Re8 12.Ng5 f5 13.O-O fxe4 14.Re1 e3 15.Rxe3 Rxe3
16.Bxe3 Bxb2 17.Rb1 Be5 18.f4 Bf6 19.Ne6 Bxe6 20.dxe6 d5 21.e7 Bxe7 22.Nc7 Na6
23.Nxa6 d4 24.Bf2 Rc8 25.Qg4 d3 26.Qe6+ Kf8 27.Be3 c4 28.Rb7 c3 29.f5 {#r} 1-0

[Event "Ch Hungary (team) 1998/99"]
[Site "masterchessopen.com - Hungary"]
[Round "0"]
[White "Goczo Melinda (HUN)"]
[Black "Horvath Tamas I (HUN)"]
[Result "1-0"]
[WhiteElo "2185"]
[BlackElo "2318"]

1.d4 Nf6 2.Nf3 e6 3.c4 c5 4.d5 exd5 5.cxd5 d6 6.Nc3 g6 7.e4 Bg7 8.h3 O-O 9.Bd3
Re8 10.O-O Na6 11.Re1 Bd7 12.Bf4 Qb6 13.Rb1 Nh5 14.Bh2 Qc7 15.Nb5 Bxb5 16.Bxb5
Red8 17.e5 dxe5 18.Nxe5 Qb6 19.Bc4 Qb4 20.a3 Qa5 21.Nxf7 b5 22.d6 Bd4 23.Nxd8+
{#r} 1-0

[Event "It (open) \"]
[Site "masterchessopen.com - Leipzig (Germany)"]
[Round "4"]
[White "Wichmann Cliff (GER)"]
[Black "Langer Wolfgang (GER)"]
[Result "1-0"]
[WhiteElo "2364"]
[BlackElo "2088"]

1.Nf3 Nf6 2.c4 c5 3.d4 e6 4.d5 exd5 5.cxd5 d6 6.Nc3 g6 7.e4 Bg7 8.h3 O-O 9.Bd3
Na6 10.O-O Nc7 11.a4 a6 12.Nd2 Rb8 13.a5 Bd7 14.Qb3 Nfe8 15.Qb6 Qc8 16.Kh2 Na8
17.Qb3 b5 18.axb6 Nxb6 19.Bxa6 Qd8 20.Be2 Nf6 21.Qc2 Re8 22.Nf3 Qc8 23.Bf4 Bf8
24.Nd2 Rb7 25.Ba6 {#r} 1-0

[Event "Ch Hungary (juniors) (under 16) (g)"]
[Site "masterchessopen.com - Paks (Hungary)"]
[Round "4"]
[White "Goczo Melinda (HUN)"]
[Black "Gergely Eva (HUN)"]
[Result "1-0"]
[WhiteElo "2185"]
[BlackElo "2005"]

1.d4 Nf6 2.Nf3 e6 3.c4 c5 4.d5 exd5 5.cxd5 d6 6.Nc3 g6 7.e4 Bg7 8.h3 O-O 9.Bd3
Na6 10.O-O Nc7 11.a4 b6 12.Bg5 Ba6 13.Re1 Bxd3 14.Qxd3 Re8 15.Rad1 Rb8 16.e5
dxe5 17.Nxe5 Qd6 18.Nc6 Rxe1+ 19.Rxe1 Ra8 20.Bxf6 Qxf6 21.d6 Ne6 22.d7 Bf8
23.Nd5 Qg5 24.Qf3 Kg7 25.Qc3+ Kg8 26.Nf6+ Kg7 27.Ne4+ {#r} 1-0

[Event "It (open)"]
[Site "masterchessopen.com - Santiago (Chile)"]
[Round "8"]
[White "Toloza Pablo (CHI)"]
[Black "Flores Patricio (CHI)"]
[Result "0-1"]
[WhiteElo "2350"]
[BlackElo "2182"]

1.d4 Nf6 2.c4 c5 3.d5 e6 4.Nc3 exd5 5.cxd5 d6 6.e4 g6 7.Nf3 Bg7 8.h3 O-O 9.Bd3
Re8 10.O-O a6 11.a4 b6 12.Re1 Ra7 13.Bf4 Nh5 14.Bg5 f6 15.Be3 Bf8 16.Nd2 Nd7
17.f4 Ng7 18.Nf3 f5 19.Bf2 fxe4 20.Nxe4 Nf6 21.Bh4 Be7 22.Nc3 Nfh5 {#R} 0-1

[Event "Tournament (Elo)"]
[Site "masterchessopen.com - Budapest (Hungary)"]
[Round "0"]
[White "Goczo Melinda (HUN)"]
[Black "Somogyi Istvan (HUN)"]
[Result "1-0"]
[WhiteElo "2185"]
[BlackElo "2230"]

1.d4 Nf6 2.Nf3 e6 3.c4 c5 4.d5 exd5 5.cxd5 d6 6.Nc3 g6 7.e4 Bg7 8.h3 O-O 9.Bd3
b5 10.Bxb5 Nxe4 11.Nxe4 Qa5+ 12.Nfd2 Qxb5 13.Nxd6 Qa6 14.N2c4 Rd8 15.Bf4 Nd7
16.O-O Nb6 17.Nxb6 Qxb6 18.Nxc8 Raxc8 19.Rb1 Qb4 20.Bg3 c4 21.d6 Bxb2 22.d7
Ra8 23.Be5 c3 24.Qf3 Qe7 25.Rbe1 Qg5 26.Bf6 Qb5 27.Bxd8 Rxd8 28.Re7 f5 29.Qe3
{#r} 1-0

[Event "Ch Romania (1/2 final)"]
[Site "masterchessopen.com - Baile Tusnad (Romania)"]
[Round "7"]
[White "Dutu Florin (ROM)"]
[Black "Stefanov Parik (ROM)"]
[Result "0-1"]
[WhiteElo "2141"]
[BlackElo "2331"]

1.d4 e6 2.c4 c5 3.d5 exd5 4.cxd5 d6 5.Nc3 g6 6.Nf3 Bg7 7.e4 Nf6 8.h3 O-O 9.Bd3
a6 10.a4 Nbd7 11.O-O Ne8 12.Bg5 f6 13.Be3 Ne5 14.Nxe5 fxe5 15.Qd2 Nf6 16.a5
Nh5 17.Rfc1 Nf4 18.Bf1 Bd7 19.Kh2 g5 20.g3 Rf6 21.gxf4 gxf4 22.Bxc5 dxc5 23.f3
Rh6 24.Ne2 Bf8 25.d6 Bxd6 26.Qd5+ Kh8 27.Qxb7 Rb8 28.Qxa6 Qh4 29.b4 Qf2+ {#R}
0-1

[Event "It (cat.3)"]
[Site "masterchessopen.com - Budapest (Hungary)"]
[Round "12"]
[White "Szeberenyi Adam (HUN)"]
[Black "Yu Mingyuan (CHN)"]
[Result "1-0"]
[WhiteElo "2357"]
[BlackElo "2319"]

1.d4 Nf6 2.c4 c5 3.d5 e6 4.Nc3 exd5 5.cxd5 d6 6.e4 g6 7.Nf3 Bg7 8.h3 O-O 9.Bd3
Re8 10.O-O c4 11.Bxc4 Nxe4 12.Nxe4 Rxe4 13.Bg5 Qf8 14.Qc2 Re8 15.Rae1 Nd7
16.Bb5 Rxe1 17.Rxe1 Ne5 18.Nxe5 Bxe5 19.f4 Bd4+ 20.Kh2 Bf5 21.Qc7 f6 22.Bh4 a6
23.Bd7 Qf7 24.Qxb7 Rf8 25.Re7 Qxe7 26.Be6+ Qxe6 27.dxe6 Bxe6 28.Qe4 {#r} 1-0

[Event "It (cat.4)"]
[Site "masterchessopen.com - Kharkov (Ukraine)"]
[Round "2"]
[White "Kravchenko Vladimir V (RUS)"]
[Black "Simantsev Mikhail (UKR)"]
[Result "1-0"]
[WhiteElo "2402"]
[BlackElo "2403"]

1.d4 Nf6 2.c4 c5 3.d5 e6 4.Nc3 exd5 5.cxd5 d6 6.Nf3 g6 7.e4 Bg7 8.h3 O-O 9.Bd3
Nh5 10.O-O Nd7 11.Be3 Ne5 12.Nxe5 Bxe5 13.f4 Bg7 14.Qf3 Nf6 15.Rae1 Nd7 16.e5
dxe5 17.f5 b6 18.d6 Rb8 19.Nd5 Bb7 20.fxg6 fxg6 21.Ne7+ Kh8 22.Qg3 Nf6 23.Qh4
Qxd6 24.Nxg6+ Kg8 25.Bc4+ Rf7 26.Bxf7+ Kxf7 27.Rd1 Qc7 28.Rd7+ {#r} 1-0

[Event "It (open)"]
[Site "masterchessopen.com - Lisbon (Portugal)"]
[Round "5"]
[White "Ikonnikov Vyacheslav (RUS)"]
[Black "Silva Firmino (POR)"]
[Result "1-0"]
[WhiteElo "2548"]
[BlackElo "2006"]

1.d4 Nf6 2.Nf3 e6 3.c4 c5 4.d5 exd5 5.cxd5 d6 6.Nc3 g6 7.e4 Bg7 8.h3 O-O 9.Bd3
Na6 10.O-O Nc7 11.Re1 a6 12.Bf4 b5 13.a3 Bb7 14.Qd2 Re8 15.b4 cxb4 16.axb4 Rc8
17.Rac1 Na8 18.Na2 Nb6 19.Rxc8 Nxc8 20.Nc1 Nd7 21.Nb3 Ndb6 22.Na5 Qd7 23.Rc1
Nc4 24.Nxc4 bxc4 25.Rxc4 Nb6 26.Rc1 Rc8 27.Rxc8+ Nxc8 {#r} 1-0

[Event "Staatsliga B South 2001/02"]
[Site "masterchessopen.com - Austria"]
[Round "6"]
[White "Poeltl Thomas (AUT)"]
[Black "Pesorda Ivan (AUT)"]
[Result "0-1"]
[WhiteElo "2168"]
[BlackElo "2264"]

1.d4 Nf6 2.c4 c5 3.d5 e6 4.Nc3 exd5 5.cxd5 d6 6.Nf3 g6 7.e4 Bg7 8.h3 O-O 9.Bd3
Bd7 10.Bf4 b5 11.Bxd6 Re8 12.Bxc5 Nxe4 13.Bxe4 f5 14.O-O fxe4 15.Nh2 Na6
16.Bd4 b4 17.Ne2 Bb5 18.Bxg7 Kxg7 19.Ng4 Bd3 20.Nf4 h5 21.Nxd3 exd3 22.Qxd3
hxg4 23.Qxa6 gxh3 24.Qd3 hxg2 25.Qd4+ Qf6 26.Rfd1 Re1+ 27.Rxe1 Qxd4 28.Rad1
Qg4 29.Rd3 Rh8 {#R} 0-1

[Event "It (open)"]
[Site "masterchessopen.com - Barcelona (Spain)"]
[Round "1"]
[White "Parker Jonathan (ENG)"]
[Black "Lin Yi (CHN)"]
[Result "1-0"]
[WhiteElo "2539"]
[BlackElo "2165"]

1.d4 Nf6 2.c4 c5 3.d5 e6 4.Nc3 exd5 5.cxd5 d6 6.e4 g6 7.Nf3 Bg7 8.h3 O-O 9.Bd3
Re8 10.O-O Nbd7 11.Bf4 c4 12.Bc2 Nc5 13.Nd2 b5 14.Nxb5 Nfxe4 15.Nxc4 Ba6 16.a4
Rb8 17.Ncxd6 Nxd6 18.Nxd6 Be5 19.Nxe8 Bxf1 20.Bxe5 Qxe8 21.Bxb8 Qxb8 {#r} 1-0

[Event "Ch Hungary (team) 2000/01 (3 liga)"]
[Site "masterchessopen.com - Hungary"]
[Round "9"]
[White "Zambo Zoltan (HUN)"]
[Black "Martinez Otzeta Jose Maria (ESP)"]
[Result "0-1"]
[WhiteElo "2206"]
[BlackElo "2269"]

1.d4 Nf6 2.c4 e6 3.Nf3 c5 4.d5 exd5 5.cxd5 d6 6.Nc3 g6 7.e4 Bg7 8.h3 O-O 9.Bd3
b5 10.Nxb5 Nxe4 11.Bxe4 Re8 12.Ng5 Qa5+ 13.Nc3 Bxc3+ 14.bxc3 Ba6 15.Qf3 f5
16.Bd2 Qb5 17.Ne6 fxe4 18.Qxe4 Nd7 19.a4 Qb3 20.Rb1 Qa2 21.Bg5 Ne5 22.Rd1 Rab8
23.Bd2 Rb2 {#R} 0-1

[Event "Tournament"]
[Site "masterchessopen.com - Santa Rosa (Argentina)"]
[Round "15"]
[White "Oppezzo Sebastian (ARG)"]
[Black "Fernandez Antonio (ARG)"]
[Result "1-0"]
[WhiteElo "2177"]
[BlackElo "2195"]

1.d4 c5 2.Nf3 e6 3.c4 Nf6 4.d5 exd5 5.cxd5 d6 6.Nc3 g6 7.e4 Bg7 8.h3 O-O 9.Bd3
b5 10.Bxb5 Nxe4 11.Nxe4 Qa5+ 12.Nfd2 Qxb5 13.Nxd6 Qa6 14.N2c4 Rd8 15.Qe2 h6
16.Qe7 Rd7 17.Qe8+ Kh7 18.Qxc8 Re7+ 19.Be3 Qxc8 20.Nxc8 Rd7 21.O-O {#r} 1-0

[Event "Ch Europe (blitz) (w)"]
[Site "masterchessopen.com - Antalya (Turkey)"]
[Round "31"]
[White "Chasovnikova Eugenia (RUS)"]
[Black "Alexandrova Olga (ESP)"]
[Result "0-1"]
[WhiteElo "2263"]
[BlackElo "2462"]

1.d4 Nf6 2.Nf3 e6 3.c4 c5 4.d5 exd5 5.cxd5 d6 6.Nc3 g6 7.e4 Bg7 8.h3 O-O 9.Bd3
a6 10.a4 Re8 11.O-O Nbd7 12.Bf4 Qc7 13.a5 b5 14.axb6 Nxb6 15.e5 dxe5 16.Nxe5
Rxe5 17.Be2 Nfxd5 18.Nxd5 Nxd5 19.Bf3 Nxf4 20.Bxa8 Re2 21.Ra4 Bd4 22.b4 Bxh3
23.bxc5 Re5 24.Rxd4 Ne2+ 25.Kh1 Rh5 26.Rd8+ Kg7 27.Qa1+ Kh6 28.Rd5 Bf5# 0-1

[Event "It (open) \"]
[Site "masterchessopen.com - Raipur (India)"]
[Round "2"]
[White "Ravi Lanka (IND)"]
[Black "Prathamesh Sunil Mokal (IND)"]
[Result "1-0"]
[WhiteElo "2419"]
[BlackElo "2366"]

1.d4 Nf6 2.c4 e6 3.Nf3 c5 4.d5 exd5 5.cxd5 d6 6.Nc3 g6 7.e4 Bg7 8.h3 O-O 9.Bd3
Na6 10.O-O Nc7 11.a4 b6 12.Bf4 Rb8 13.Nb5 Nxb5 14.axb5 Nh5 15.Bg5 Qc7 16.Qd2
Re8 17.Rfe1 Bd7 18.Bc4 a5 19.g4 f6 20.Bh6 Bxh6 21.Qxh6 Ng7 22.e5 Qd8 23.exf6
Qxf6 24.Ng5 Nf5 25.gxf5 Bxf5 26.Qxh7+ Kf8 27.Ne6+ Bxe6 28.Qh6+ Kg8 29.Rxe6
{#r} 1-0

[Event "It (open)"]
[Site "masterchessopen.com - Skopje (Macedonia)"]
[Round "6"]
[White "Andreeski Danilo (MKD)"]
[Black "Rusomanov Atanas (MKD)"]
[Result "0-1"]
[WhiteElo "2148"]
[BlackElo "2206"]

1.d4 Nf6 2.c4 e6 3.Nc3 c5 4.d5 exd5 5.cxd5 d6 6.e4 g6 7.Nf3 Bg7 8.h3 O-O 9.Bd3
b5 10.Nxb5 Re8 11.O-O Nxe4 12.Bxe4 Rxe4 13.Ng5 Re8 14.Qf3 Rf8 15.Bf4 Ba6
16.Nxd6 Bxf1 17.Rxf1 Nd7 18.Re1 Qf6 19.Qg4 Rad8 20.Nge4 Qxb2 21.Bg5 f5 22.Qh4
Nf6 23.Nc4 Qd4 24.Nxf6+ Bxf6 25.Bxf6 Qxf6 26.Qg3 Rxd5 {#R} 0-1

[Event "Ch Region"]
[Site "masterchessopen.com - Tula (Russia)"]
[Round "6"]
[White "Ponomarenko Viktor (RUS)"]
[Black "Manaenkov Vladimir (RUS)"]
[Result "1-0"]
[WhiteElo "2306"]
[BlackElo "2216"]

1.d4 Nf6 2.c4 c5 3.d5 e6 4.Nc3 exd5 5.cxd5 d6 6.e4 g6 7.Nf3 Bg7 8.h3 O-O 9.Bd3
b5 10.Nxb5 Nxe4 11.O-O f5 12.Bxe4 fxe4 13.Ng5 e3 14.Bxe3 Bxb2 15.Rb1 Be5 16.f4
Bf6 17.Ne6 Qe7 18.Nbc7 Bxe6 19.Nxe6 Re8 20.Qa4 Nd7 21.Rb7 Nb6 22.Qa6 Nxd5
23.Rxe7 Rxe7 24.Qc6 Nb6 25.Qxd6 Rc8 26.f5 Nc4 27.Qa6 Nb6 28.Bf2 gxf5 29.Nxc5
{#r} 1-0

[Event "Tournament (Elo) (a)"]
[Site "masterchessopen.com - Budapest (Hungary)"]
[Round "1"]
[White "Marodi Matyas (HUN)"]
[Black "Pfau Matthias (GER)"]
[Result "0-1"]
[WhiteElo "2157"]
[BlackElo "2167"]

1.d4 Nf6 2.c4 e6 3.Nf3 c5 4.d5 exd5 5.cxd5 d6 6.Nc3 g6 7.e4 Bg7 8.h3 O-O 9.Bd3
Na6 10.O-O Nc7 11.Bf4 b5 12.Nxb5 Nxb5 13.Bxb5 Nxe4 14.Bc6 Rb8 15.Qa4 f5
16.Qxa7 Rxb2 17.Rab1 g5 18.Rxb2 Bxb2 19.Be3 f4 20.Bd2 g4 21.Ba5 Qf6 22.hxg4
Bxg4 23.Bd7 Bxf3 24.Be6+ Kh8 25.gxf3 Qg6+ 26.Kh2 Ng5 27.Qb7 Nxf3+ 28.Kh1 Qh5+
29.Kg2 Rg8+ {#R} 0-1

[Event "It (open)"]
[Site "masterchessopen.com - Groningen (Netherlands)"]
[Round "6"]
[White "Koster Ramon (NED)"]
[Black "Pilgrim Peter (NED)"]
[Result "1-0"]
[WhiteElo "2314"]
[BlackElo "2050"]

1.c4 Nf6 2.d4 c5 3.d5 e6 4.Nc3 exd5 5.cxd5 d6 6.e4 g6 7.Nf3 Bg7 8.h3 O-O 9.Bd3
b5 10.Bxb5 Nxe4 11.Nxe4 Qa5+ 12.Nfd2 Qxb5 13.Nxd6 Qd7 14.N2c4 Ba6 15.O-O f5
16.Re1 f4 17.Qf3 Bxc4 18.Nxc4 Na6 19.Bd2 Nc7 20.d6 Nb5 21.Re7 Qc8 22.Qd5+ Kh8
23.d7 Qd8 24.Rae1 Bf6 25.Re8 Qc7 26.Qxa8 {#r} 1-0

[Event "Tournament \"]
[Site "masterchessopen.com - Sao Paulo (Brazil)"]
[Round "7"]
[White "Mecking Henrique (BRA)"]
[Black "Del Bosco Roberto (BRA)"]
[Result "1-0"]
[WhiteElo "2557"]
[BlackElo "2130"]

1.d4 Nf6 2.c4 c5 3.d5 e6 4.Nc3 exd5 5.cxd5 d6 6.e4 g6 7.Nf3 Bg7 8.h3 O-O 9.Bg5
Re8 10.Bd3 Na6 11.O-O Bd7 12.Re1 Qc7 13.Nd2 Rab8 14.Rc1 b5 15.a4 Nb4 16.Nxb5
Bxb5 17.Bxb5 Rxb5 18.axb5 Nd3 19.e5 dxe5 20.Bxf6 Nxe1 21.Bxg7 Nd3 22.Ne4 Kxg7
23.Qxd3 f5 24.Nxc5 {#r} 1-0

[Event "It (open)"]
[Site "masterchessopen.com - Singapore"]
[Round "9"]
[White "Sadorra J"]
[Black "Nithiananthan J (SIN)"]
[Result "1-0"]
[WhiteElo "2255"]
[BlackElo "2076"]

1.d4 Nf6 2.c4 c5 3.d5 e6 4.Nc3 exd5 5.cxd5 d6 6.e4 g6 7.Nf3 Bg7 8.h3 O-O 9.Bd3
b5 10.Nxb5 Re8 11.O-O Nxe4 12.Re1 a6 13.Na3 Nf6 14.Rxe8+ Nxe8 15.Nc4 Nd7
16.Bg5 Qc7 17.Bd2 Bb7 18.Ba5 Qc8 19.Bc2 Rb8 20.Qd2 Ba8 21.Re1 Bf8 22.Bb3 Nef6
23.Bc3 Qb7 24.Na5 Qc8 25.Ng5 h6 26.Ne6 fxe6 27.dxe6 d5 28.exd7 Nxd7 29.Bxd5+
{#r} 1-0

[Event "Ch France (open) (b)"]
[Site "masterchessopen.com - Aix les Bains (France)"]
[Date "2003.08.26"]
[Round "7"]
[White "Graille Michel (FRA)"]
[Black "Wagneur Manuel (FRA)"]
[Result "1-0"]
[WhiteElo "2048"]
[BlackElo "1911"]

1.d4 Nf6 2.Nf3 e6 3.c4 c5 4.d5 exd5 5.cxd5 d6 6.Nc3 g6 7.e4 Bg7 8.h3 O-O 9.Bd3
Re8 10.O-O b6 11.Re1 Na6 12.Bb5 Nd7 13.Bg5 f6 14.Bf4 Qe7 15.Bc6 Rb8 16.Nb5 Nb4
17.Bxd6 Nxc6 18.Bxe7 Nxe7 19.d6 {#r} 1-0

[Event "It (open) \"]
[Site "masterchessopen.com - Moscow (Russia)"]
[Date "2004.02.19"]
[Round "3"]
[White "Graf Alexander (GER)"]
[Black "Ghaem Maghami Ehsan (IRI)"]
[Result "1-0"]
[WhiteElo "2646"]
[BlackElo "2558"]

{ } 1.d4 { 1 } 1...Nf6 2.c4 c5 3.d5 e6 4.Nc3 exd5 5.cxd5 d6 6.e4 g6 7.Nf3 Bg7
8.h3 O-O 9.Bd3 b5 10.Nxb5 Re8 11.Nd2 Nxe4 { ? } ( 11...Nxd5 12.O-O Nf4 (
12...Nc7 { } ) 13.Nc4 Nxd3 14.Qxd3 Ba6 15.a4 Nc6 16.Qxd6 Qxd6 17.Ncxd6 Red8
18.Be3 Bxb2 19.Rab1 Bd4 20.Rfc1 Bxe3 21.fxe3 Rab8 22.Ra1 Bxb5 23.Nxb5 Na5
24.Ra2 c4 25.Kf2 Rd3 26.Nd4 Kg7 27.Ke2 Re8 28.Rxc4 Rxe3+ 29.Kxe3 Nxc4+ 30.Kf3
Ne5+ { 1/2-1/2, Miladinovic Igor 2602 - Radosavljevic Slobodan 2259 ,
Banja-Vrucica 1991 Ch Yugoslavia } ) 12.Bxe4 Ba6 13.a4 { ± } 13...f5 (
13...Qa5 14.Nxd6 Re7 15.Qf3 Nd7 16.Kd1 f5 17.Nxf5 gxf5 18.Qxf5 Rae8 19.Bd3 Nf6
20.d6 Re5 21.Qf3 Bxd3 22.Qxd3 Rd5 23.Qc4 Kh8 24.Kc2 Rb8 25.Nb3 Qd8 26.Bd2 Qxd6
27.Bc3 Qe6 28.g4 Ne4 29.Rhe1 Bxc3 30.Rxe4 Be5 31.Rd1 Rbd8 32.Rxd5 Rxd5 33.f4 {
...1-0, Lazarev Vladimir 2500 - Handke Florian 2255 , Biel 1997 It (open) } )
14.O-O fxe4 15.Nc4 ( 15.Re1 e3 16.Rxe3 Rxe3 17.fxe3 Nd7 18.Ne4 Qh4 19.Nbxd6
Rf8 20.Bd2 { 1/2-1/2, Barbero Gerardo F 2505 - Rajna George 2390 , Budapest
1988 It } ) 15...Bd4 { N } ( 15...Bf8 16.Bf4 Qf6 ( 16...Bxb5 17.axb5 Qf6
18.Qg4 Qd4 19.Nb6 axb6 20.Rxa8 Qxd5 21.Ra7 Qd3 22.Qh4 Bg7 23.Bg5 Be5 24.Bf6
Re6 25.Bh8 Qxb5 26.Qd8+ Re8 27.Qg5 Re6 28.Bxe5 dxe5 29.Qd8+ { 1-0, Aronov Yuri
2231 - Ibraev Nurlan 2285 , Guarapuava 1995 Ch World (juniors) (under 18) } )
17.Qg4 Nd7 18.Bxd6 Nb6 19.Bxf8 Rxf8 20.Qxe4 Rae8 21.Qd3 Bxb5 22.axb5 Qd4
23.Qxd4 cxd4 24.Nxb6 axb6 25.Ra4 Re4 26.d6 Rd8 27.f3 Rf4 28.g3 Rf6 29.Rxd4
Rdxd6 30.Rxd6 Rxd6 31.Rc1 Rd5 32.Rc3 Rd1+ 33.Kf2 Rd2+ 34.Ke3 Rxb2 35.Rc7 {
...1/2-1/2, Barbero Gerardo F 2505 - Zelcic Robert 2375 , Belgrade 1988 } ) (
15...Be5 16.Nxe5 Rxe5 17.b4 Bb7 18.Bb2 Nd7 19.Nxd6 Rxd5 20.Qb3 Qc7 21.Nxb7
Qxb7 22.Rad1 c4 23.Qxc4 Nb6 24.Qc3 { 1-0, Shipov Sergei 2490 - Maslej Miroslaw
2273 , Katowice 1992 It (open) } ) 16.Ncxd6 Rf8 { ?! } ( 16...Re5 { !? }
17.Bf4 Bxb5 18.Nxb5 Rf5 { } ) 17.Bh6 { ! } ( 17.Qg4 Qd7 18.Qe6+ Qxe6 19.dxe6 {
} ) 17...Bxb2 18.Bxf8 Bxa1 19.Qxa1 Qxf8 20.Qe5 Bxb5 21.axb5 a5 22.Nxe4 { }
{#r} 1-0

[Event "Ch Bulgaria (team)"]
[Site "masterchessopen.com - Plovdiv (Bulgaria)"]
[Date "2004.11.20"]
[Round "1"]
[White "Mollov Ergin (BUL)"]
[Black "Mogilarov Dimitar (BUL)"]
[Result "1-0"]
[WhiteElo "2419"]
[BlackElo "2147"]

1.d4 Nf6 2.Nf3 g6 3.c4 c5 4.d5 e6 5.Nc3 exd5 6.cxd5 d6 7.e4 Bg7 8.h3 O-O 9.Bd3
b5 10.Nxb5 Re8 11.O-O Nxe4 12.Re1 a6 13.Na3 Nf6 14.Rxe8+ Qxe8 15.Nc4 Nxd5
16.Nxd6 Qd8 17.Nxc8 Nb4 18.Bg5 Qxd3 19.Qe1 Qb5 20.a4 Qb7 21.Qe8+ Bf8 22.Ne7+
{#r} 1-0

[Event "Ch Austria (juniors) (under 16)"]
[Site "masterchessopen.com - Austria"]
[Round "3"]
[White "Pachta Paul (AUT)"]
[Black "Heiny Johannes (AUT)"]
[Result "1-0"]
[WhiteElo "2188"]
[BlackElo "2053"]

1.d4 Nf6 2.Nf3 e6 3.c4 c5 4.d5 exd5 5.cxd5 d6 6.Nc3 g6 7.e4 Bg7 8.h3 O-O 9.Bd3
Na6 10.O-O Nc7 11.Bf4 b5 12.Re1 c4 13.Bc2 b4 14.Ne2 Nb5 15.Ned4 Nxd4 16.Nxd4
Nh5 17.Be3 Bd7 18.Ba4 a5 19.Rc1 Rc8 20.Bxd7 Qxd7 21.Qe2 Bxd4 22.Bxd4 Nf4
23.Qd2 Nd3 24.Bf6 Nxe1 25.Qh6 Nf3+ 26.gxf3 Qxh3 27.Qg7# 1-0

[Event "It (open)"]
[Site "masterchessopen.com - Northeim (Germany)"]
[Date "2005.04.14"]
[Round "1"]
[White "Epishin Vladimir (GER)"]
[Black "Muehlhan Klaus (GER)"]
[Result "1-0"]
[WhiteElo "2574"]
[BlackElo "1925"]

1.d4 Nf6 2.c4 c5 3.d5 e6 4.Nc3 exd5 5.cxd5 g6 6.e4 d6 7.Nf3 Bg7 8.h3 O-O 9.Bd3
a6 10.a4 Nbd7 11.O-O Nh5 12.Bg5 Qb6 13.Qc1 Ne5 14.Be2 f5 15.Nxe5 Bxe5 16.exf5
Bxf5 17.a5 Qb3 18.Ra3 Qc2 19.g4 Nf4 20.Bxf4 Bxf4 21.Qxf4 Bd3 22.Qc1 {#r} 1-0

[Event "It (open)"]
[Site "masterchessopen.com - Bad Wiessee (Germany)"]
[Date "2005.11.03"]
[Round "6"]
[White "Lorscheid Gerhard (GER)"]
[Black "Klimpel Thomas (GER)"]
[Result "1-0"]
[WhiteElo "2262"]
[BlackElo "2151"]

1.d4 Nf6 2.c4 c5 3.d5 e6 4.Nc3 exd5 5.cxd5 d6 6.e4 g6 7.Nf3 Bg7 8.h3 O-O 9.Bd3
b5 10.Nxb5 Nxe4 11.Bxe4 Re8 12.Ng5 Qa5+ 13.Nc3 Ba6 14.Qf3 Re7 15.Bf4 f5
16.O-O-O fxe4 17.Ngxe4 Nd7 18.Bxd6 Rf7 19.Qg3 Re8 20.Rhe1 Bd4 21.Ng5 Rxe1
22.Rxe1 Bxf2 23.Re8+ Nf8 24.Bxf8 Bb5 25.Ra8 Be3+ 26.Qxe3 {#r} 1-0